Culture Générale -Série 2552 - Statistiques

Statistiques générales
  • Ce quiz a été pris 126 fois
  • Le résultat moyen est 5 sur 10
Statistiques - réponses
Question Réponse % Correct
Complétez le titre du roman de Pierre Choderlos de Laclos : "Les liaisons .... dangereuses
93%
Quelle ville de l'état américain de Floride est surnommée "la Magic City" pour son ambiance festive et multiculturelle ? Miami
75%
Sur le clavier d'un ordinateur comment s'appelle ce symbole : & esperluette
74%
Quel écrivain dans un roman célèbre a créé "Julien Sorel" ? Stendhal
72%
Petite bouteille plate, servant à transporter de l'alcool - adjectif synonyme de "mou" - voir photo flasque
57%
Quel écrivain grec aurait inspiré La Fontaine (fables) ? Esope
50%
Ce célèbre acteur français (1904-1976) a utilisé comme pseudonyme ses 2 premiers prénoms. Jean Gabin
38%
Qui a écrit La planète des singes ? prénom et nom Pierre Boulle
27%
Quelle est la capitale du pays dont le nom signifie « Pays des Hommes intègres » ? Ouagadougou
19%
Quel écrivain (1895-1952) utilisait comme nom de plume " Eugène Grindel" ? prénom et nom Paul Eluard
9%
Aucun quiz correspondant
Distribution des résultats
% des personnes avec chaque résultat
Percentile par nombre de réponses
Votre historique - résultats
Vous n’avez pas pris ce quiz